000 00376nam a2200157 i 4500
001 bg
100 1 _aSUKIENNICKI, A.
245 0 _aFizyka ciała stałego /
_cA. Sukiennicki, A. Zagórski.
250 _aWyd.2 zmien.
260 _aWarszawa,
_c1984.
700 1 _aZAGÓRSKI, A.
040 _cBPK
041 _apol
942 _cKS
008 s pl f |000 0 pol
999 _c2374
_d2374
856 _uhttp://koha.tu.koszalin.pl/cgi-bin/koha/opac-detail.pl?biblionumber=2374
_yKatalog online BPK